000 005350000a22001690004500
090 _aAR
_b00851
245 1 0 _aLista actualizada de los mamíferos de Colombia anotaciones sobre su distribución
650 1 4 _aMamíferos
_992510
650 1 4 _aZoogeografía
_993082
650 1 4 _aDistribución geográfica
_992997
651 4 _pColombia
_992749
041 0 _aEspañol
700 1 _aHernández Camacho, Jorge Ignacio
_93657
100 1 _aCuervo Díaz, Alicia
_993553
942 _cARTICULO
773 1 _tCaldasia
_345
_h71-75
_q471-500
_d1986
_g15
999 _c9939
_d9939